Squadra dell'anno UEFA 2014 - Statistics

Statistiche generali
  • Questo quiz è stato fatto 12 volte
  • Il punteggio medio è 11 su 11
Statistiche sulle risposte
Ruolo Nazione Squadra Giocatore % Corretto
Attaccante Portogallo Real Madrid Cristiano Ronaldo
100%
Difensore Austria Bayern Monaco David Alaba
100%
Difensore Uruguay Atlético Madrid Diego Godín
100%
Attaccante Argentina Barcellona Lionel Messi
100%
Portiere Germania Bayern Monaco Manuel Neuer
100%
Difensore Germania Bayern Monaco Philipp Lahm
100%
Difensore Spagna Real Madrid Sergio Ramos
100%
Centrocampista Germania Bayern Monaco / Real Madrid Toni Kroos
100%
Attaccante Svezia Paris Saint-Germain Zlatan Ibrahimović
100%
Centrocampista Paesi Bassi Bayern Monaco Arjen Robben
90%
Centrocampista Argentina Real Madrid / Manchester Utd Ángel Di María
80%
Nessun quiz corrispondente trovato
Distribuzione punteggi
Percentuale di utenti per punteggio
Percentile per numero di risposta
I tuoi punteggi nel tempo
Non hai fatto questo quiz